| Tag |
First Indicator |
Second Indicator |
Subfields |
| LEADER |
00000cam a2200000 a 4500 |
| 001 |
in00000069994 |
| 005 |
20151008055937.0 |
| 008 |
801023s1980 dcu b 00110 engm |
| 010 |
|
|
|a 80026241
|
| 020 |
|
|
|a 0896330397 (pbk.) :
|c $5.00
|
| 035 |
|
|
|a (OCoLC)06917374
|
| 035 |
|
|
|9 AAJ4779AM
|
| 040 |
|
|
|a DLC
|c DLC
|d m.c.
|d OCL
|d TXA
|d UtOrBLW
|
| 043 |
|
|
|a a-vt---
|a n-us---
|
| 049 |
|
|
|a TXAM
|c [274346]
|
| 050 |
0 |
0 |
|a DS559.46
|b H47
|
| 082 |
0 |
|
|a 959.704/38
|2 19
|
| 100 |
1 |
|
|a Herz, Martin F.
|q (Martin Florian),
|d 1917-1983.
|
| 245 |
1 |
4 |
|a The prestige press and the Christmas bombing, 1972 :
|b images and reality in Vietnam /
|c Martin F. Herz ; assisted by Leslie Rider.
|
| 264 |
|
1 |
|a Washington, D.C. :
|b Ethics and Public Policy Center,
|c [1980]
|
| 264 |
|
4 |
|c ©1980
|
| 300 |
|
|
|a xiii, 103 pages ;
|c 23 cm.
|
| 336 |
|
|
|a text
|b txt
|2 rdacontent
|
| 337 |
|
|
|a unmediated
|b n
|2 rdamedia
|
| 338 |
|
|
|a volume
|b nc
|2 rdacarrier
|
| 504 |
|
|
|a Includes bibliographical references and index.
|
| 650 |
|
0 |
|a Vietnam War, 1961-1975
|x Journalists.
|
| 650 |
|
0 |
|a Vietnam War, 1961-1975
|x Aerial operations, American.
|
| 650 |
|
0 |
|a Journalism
|z United States.
|
| 700 |
1 |
|
|a Rider, Leslie.
|
| 999 |
|
|
|a MARS
|
| 999 |
f |
f |
|s 3b795b5b-adc0-36fb-80ff-16bc502b2baa
|i 96eb433b-2c89-33d8-bbfa-5459ec74665f
|t 0
|
| 952 |
f |
f |
|p ric
|a Texas A&M University
|b Rellis Campus
|c Joint Library Facility
|d Remote Storage
|t 0
|e DS559.46 H47
|h Library of Congress classification
|i unmediated -- volume
|m A14808710509
|
| 998 |
f |
f |
|a DS559.46 H47
|t 0
|l Remote Storage
|